| 000 | 00831nac a22002291u 4500 | ||
|---|---|---|---|
| 010 | _a 98048726 | ||
| 020 | _a1560327057 (cloth : alk. paper) | ||
| 082 | 0 | 0 |
_a624.1776 _bRED |
| 090 |
_c8682 _d8682 |
||
| 100 | _aReddy, J. N. | ||
| 245 | 1 | 0 |
_aTheory and analysis of elastic plates and Shells/ _cJ.N. Reddy. |
| 246 | 3 | 0 | _aElastic plates |
| 250 | _a2nd ed. | ||
| 260 |
_aPhiladelphia, PA : _bTaylor & Francis,c.2007. _cc.2007. |
||
| 300 |
_axvi, 540 p. : _bill. ; _c24 cm. |
||
| 500 | _aDistributer: Baccah. | ||
| 504 | _aIncludes bibliographical references and index. | ||
| 511 | _aCatalogued By: Mahitab. | ||
| 650 | 0 | _aElastic plates and shells. | |
| 856 | 4 | 2 |
_3Publisher description _uhttp://www.loc.gov/catdir/enhancements/fy0646/98048726-d.html |
| 942 |
_cBB _k624.1776RED |
||
| 999 |
_c8682 _d8682 |
||